| 000 | 00774cam a22002415a 4500 | ||
|---|---|---|---|
| 001 | 18857537 | ||
| 005 | 20160510122857.0 | ||
| 008 | 151116t2016 gw a frb 001 0 eng d | ||
| 020 | _a9783319243597 | ||
| 040 |
_aDLC _beng _cDLC _dEG-ScBUE |
||
| 082 | 0 | 4 |
_222 _a617.643 _bEST |
| 245 | 0 | 0 |
_aEsthetic and functional management of diastema : _ba multidisciplinary approach / _ceditors Ugur Erdemir, Esra Yildiz. |
| 260 |
_aCham : _bSpringer, _cc.2016. |
||
| 300 |
_ax, 228 p. : _bill. ; _c24 cm. |
||
| 500 | _aIndex : p. 223-228. | ||
| 504 | _aIncludes bibliographical reference. | ||
| 650 | 7 |
_2BUEsh _aDiastema (Teeth) _939949 |
|
| 651 | _2BUEsh | ||
| 653 |
_bDDent _cMay2016 |
||
| 700 | 1 |
_aErdemir, Ugur _eeditor. _939948 |
|
| 700 | 1 |
_aYildiz, Esra _eeditor. |
|
| 942 | _2ddc | ||
| 999 |
_c21721 _d21693 |
||